Statistics for Capitals of the Mongol Empire and Khanates (with Map)

Click here to take the quiz!

General Stats

  • This quiz has been taken 86 times
  • The average score is 3 of 11

Answers on the Map

Answers color-coded by a green-red scale on the quiz's map according to % correct below.
 

Answer Stats

GroupDatesAnswer% Correct
Yuan Dynasty1271 - 1368 (winter capital)Khanbaliq
94%
Ilkhanate1265 - 1306Tabriz
60%
Mongol Empire1235 - 1260Karakorum
54%
Golden Horde1242 - 1502Sarai
43%
Yuan Dynasty1271 - 1368 (summer capital)Shangdu
23%
Chagatai Khanate?Almaliq
9%
Mongol Empire1206 - 1235Avraga
7%
Ilkhanate1256 - 1265Maragheh
7%
Chagatai Khanate?Qarshi
6%
Golden Horde1360 - 1377Sighnaq
6%
Ilkhanate1306 - 1335Soltaniyeh
6%

Score Distribution

Percentile by Number Answered

Percent of People with Each Score

Your Score History

You have not taken this quiz